000 01211nam a2200253Ia 4500
999 _c4084
_d4084
003 OSt
005 20200413144227.0
008 191128s9999 xx 000 0 und d
040 _aCO-JMCR
_cCO-JMCR
041 0 _aspa
082 0 4 _a323.1109861 /
_bP933t
_223
110 1 _aColombia.
_bPresidencia de la República
_92972
245 1 0 _aTejiendo el canasto de la vida /
_cPresidencia de la República
246 0 _aPropuesta metodológica para la construcción colectiva de los planes integrales de vida de los pueblos indígenas de Colombia.
250 _aPrimera edición
260 _aBogotá :
_bPresidencia de la República,
_c2012
300 _a63 páginas :
_bfotografías a color ;
_c23 cm.
504 _aBibliografía página 63
505 0 _a¿A quienes va dirigido el docummento? -- Marco normativo para el desarrollo propio -- Marco conceptual de desarrollo con cultura e identidad -- Proceso de formulación colectiva y participativa de los planes integrales de vida de los pueblos indígenas
650 1 4 _aPueblos indígenas
_zColombia
_92973
650 2 4 _aCulturas indígenas
_zColombia
_92974
650 2 4 _aComunidades indígenas
_2condiciones sociales
_zColombia
_92975
942 _2ddc
_cBK